000 00331nam a2200145Ia 4500
008 191201s2002 xx 000 0 und d
082 _a621.313
_bFIE
100 _aFITZGERALD, A E
245 0 _aElectronic Machinery
250 _a6th
260 _aN.Delhi
_bTMH
_c2002
300 _a688
650 _aB.Tech(ECE)
942 _2ddc
_cBK
999 _c3180
_d3180